| Tag |
First Indicator |
Second Indicator |
Subfields |
| LEADER |
00000cam a22000001 4500 |
| 001 |
in00000032696 |
| 005 |
20151007061837.0 |
| 008 |
720601s1962 nyu b 00000beng |
| 010 |
|
|
|a 62007760
|
| 035 |
|
|
|a (OCoLC)00273484
|
| 035 |
|
|
|9 AAD3247AM
|
| 040 |
|
|
|a DLC
|c DLC
|d TXA
|d UtOrBLW
|
| 049 |
|
|
|a TXAM
|c [345922]
|
| 050 |
0 |
0 |
|a PS2387
|b .M5
|
| 082 |
0 |
|
|a 813.3
|
| 092 |
|
|
|a 818
|b M531Ym
|
| 100 |
1 |
|
|a Miller, James E.
|q (James Edwin),
|d 1920-2010.
|
| 245 |
1 |
2 |
|a A reader's guide to Herman Melville.
|
| 264 |
|
1 |
|a New York :
|b Farrar, Straus and Cudahy,
|c [1962]
|
| 300 |
|
|
|a 266 pages ;
|c 21 cm.
|
| 336 |
|
|
|a text
|b txt
|2 rdacontent
|
| 337 |
|
|
|a unmediated
|b n
|2 rdamedia
|
| 338 |
|
|
|a volume
|b nc
|2 rdacarrier
|
| 504 |
|
|
|a Includes bibliography.
|
| 600 |
1 |
0 |
|a Melville, Herman,
|d 1819-1891.
|
| 999 |
|
|
|a MARS
|
| 999 |
f |
f |
|s 5514c706-7374-3971-82f2-df2d98fb6b74
|i c58f63b9-fa5f-3114-bac0-a006ae050df3
|t 0
|
| 952 |
f |
f |
|p ric
|a Texas A&M University
|b Rellis Campus
|c Joint Library Facility
|d Remote Storage
|t 0
|e PS2387 .M5
|h Library of Congress classification
|i unmediated -- volume
|m A14801264808
|
| 998 |
f |
f |
|a PS2387 .M5
|t 0
|l Remote Storage
|